| 000 | 00441nam a2200157Ia 4500 | ||
|---|---|---|---|
| 008 | 231217s9999 xx 000 0 und d | ||
| 041 | _aEnglish | ||
| 082 | _a621.1123028 NAR;7 | ||
| 100 | _aNarayan, C PSapkal, AM | ||
| 245 | 0 | _aTransducers and instrumentation : III sem. E and C, VTU | |
| 250 | _a1st ed. | ||
| 260 |
_c2000 _bTechnical _aPune |
||
| 300 | _a171 | ||
| 650 | _aTransducers,instrumentation,:,III,sem.,E,C, | ||
| 942 | _cAA | ||
| 999 |
_c178089 _d178089 |
||